000 00422nam a2200181Ia 4500
001 19893
005 20260306172726.0
008 260306t2006||||xx |||||||||||||| ||spa||
041 _aESP
082 _a341.4
_bC26
100 _aCarnelutti, Francesco
_eAUT
245 0 _aMetodologĂ­a del derecho
260 _c2006
300 _a93 páginas :
_c24 cm.
650 _aGEN
654 _aCDE
942 _cLIB
_dJUS
_fJUS
_2ddc
_n
999 _c19893
_d19893